000 00468nam a2200169Ia 4500
003 GCL
008 140319s9999 xx 000 0 eng d
040 _aGCL /
_cGCL
082 0 4 _a956
_bB S
100 1 _aAL BILI, OSMAN SAYYID
245 1 0 _aA STUDY OF SOME ASPECTS OF THE REGIN OF AL-MUTASIM /
_cAL BILI, OSMAN SAYYID
260 _a[S.N] :
_bQATAR UNIVERSTIY ،
_c1988
300 _a221 P
650 0 4 _aREIGNS
650 0 4 _aMIDDLE EAST - HISTORY
942 _2ddc
_cBK
999 _c10884
_d10884